Drag Race France S2 - Statistiques

Statistiques générales
  • Ce quiz a été pris 265 fois
  • Le résultat moyen est 10 sur 11
Statistiques - réponses
Place Queen % Correct
1 Keiona
97%
4 Mami Watta
96%
3 Punani
96%
11 Rose
96%
5 Piche
95%
2 Sara Forever
95%
6 Cookie Kunty
89%
8 Ginger Bitch
88%
7 Moon
88%
10 Vespi
88%
9 Kitty Space
86%
Aucun quiz correspondant
Distribution des résultats
% des personnes avec chaque résultat
Percentile par nombre de réponses
Votre historique - résultats
Vous n’avez pas pris ce quiz